000 00556cam a2200217ua 4500
001 8083
005 20260515114307.0
008 150113n ii |||gr||||Z||||||hin
020 _a9788123752839
040 _cMAIN
041 _ahin
082 _a891.434
100 _aVerma, N.,
_eTranslator.
245 _aBezbarua kee chuni huee rachnayen
_cTranslated by Navarup Verma
250 _a1st.
260 _aNew Delhi:
_bNational,
_c2008.
300 _a221p.
653 _aEast Indo-European & Celtic literatures
653 _aHindi essays
942 _cBK
999 _c7194
_d7194